000 00442nam a22001457a 4500
005 20260422135229.0
008 260422b |||||||| |||| 00| 0 eng d
020 _a0313284008
050 _aP945
_b.B55
245 _aInternational Afro Mass Media
_ba reference guide
_cJames Phillip Jeter et al.,
260 _aWestport, Connecticut
_bGreenwood Press
_c1996
300 _axiii. 297p.
_c24cm
700 _aJeter, James Phillip
942 _2lcc
_cBK
_n0
999 _c9478
_d9478